Porin kaupunginosat äkkikuolema #1 - Statistics

Yleistilastot
  • Tätä visaa on pelattu 920 kertaa
  • Keskiarvotulos 8 / 19
Answers on the Grid
Answers color-coded by a green-red scale on the quiz's grid according to % correct below.
Käppärä
Hanhiranta
Aittaluoto
Isomäki
Jokilaakso
Tyrvälä
Lotskeri
Lukkarinsanta
Heinola
Leppäkorpi
Hyvärilä
Herrainpäivät
Mikkola
Heinäkoski
Kalaholma
Tupala
Malminpää
Parkkiluoto
Mynsteri
Riihilaakso
Linna
Tyltty
Päärnäinen
Vanhakoivula
Mäntylä
Teljä
Tiilikoski
Impola
Itätulli
Nummikoski
 
Vastaustilastot
Vastaus % Oikein
Käppärä
65%
Mikkola
65%
Impola
59%
Isomäki
57%
Kalaholma
57%
Aittaluoto
55%
Lukkarinsanta
52%
Itätulli
49%
Lotskeri
49%
Teljä
46%
Leppäkorpi
45%
Päärnäinen
43%
Herrainpäivät
36%
Tupala
28%
Linna
27%
Malminpää
21%
Mäntylä
11%
Parkkiluoto
6%
Tyltty
6%
Ehtoja vastaavia visoja ei löytynyt
Tulosjakauma
Jokaisen tuloksen saaneiden osuus
Persentiili vastausten määrän mukaan
Tuloshistoriasi
Et ole pelannut tätä visaa